La fundación de Europa: informe provisional sobre los últimos años
Uloženo v:
| Hlavní autor: | |
|---|---|
| Médium: | Kniha |
| Jazyk: | španělština |
| Vydáno: |
Barcelona
Paidós
2004
|
| Témata: | |
| Tagy: |
Přidat tag
Žádné tagy, Buďte první, kdo vytvoří štítek k tomuto záznamu!
|
MARC
| LEADER | 00000nam a2200000 a 4500 | ||
|---|---|---|---|
| 001 | UCK9734 | ||
| 003 | CL-VaPUC | ||
| 008 | 060519e20040000SP |||||||||||||||||spa|d | ||
| 020 | |a 8449316286 | ||
| 082 | 0 | 4 | |a 940.1 |b SEI |2 21 |
| 100 | 0 | |a Seibt, Ferdinand |e author |9 499618 | |
| 245 | 1 | 3 | |a La fundación de Europa: informe provisional sobre los últimos años |
| 300 | |a 417 p | ||
| 942 | |c BK | ||
| 945 | |d 20060519 00:00:00 |a jtorresc | ||
| 260 | |a Barcelona |b Paidós |c 2004 | ||
| 650 | 0 | |a Historia de Europa |9 392003 | |
| 650 | 0 | |a Historia medieval |9 258042 | |
| 651 | 0 | |a Europa |9 255156 | |
| 583 | |a last modification |c 20060519 00:00:00 |k Rodrigo Vera | ||
| 999 | |c 316800 |d 316798 | ||
| 952 | |0 0 |1 0 |4 0 |6 940_100000000000000_SEI_2004 |7 0 |8 A |9 392240 |a BIBHIS |b BIBHIS |d 2019-11-22 |i 4234669 |o 940.1 SEI 2004 |p 4234669 |r 2025-01-20 |w 2019-11-22 |y BK |k HIS | ||